Normal view
MARC view
- Dore, Ronald,
Entry Personal Name
001 - CONTROL NUMBER
- control field: 102107
003 - CONTROL NUMBER IDENTIFIER
- control field: NUST
005 - DATE AND TIME OF LATEST TRANSACTION
- control field: 20221101095726.0
008 - FIXED-LENGTH DATA ELEMENTS
- fixed length control field: 221101|| aca||aabn | a|a d
040 ## - CATALOGING SOURCE
- Original cataloging agency: NUST
- Transcribing agency: NUST
100 ## - HEADING--PERSONAL NAME
- Personal name: Dore, Ronald,
- Dates associated with a name: 1925-2018
670 ## - SOURCE DATA FOUND
- Source citation: Work cat.: (NUST)0: Dore, Ronald, 1925-2018., Stock market capitalism :, 2000.
